[Event "CCCSA IM-B"]
[Site "Charlotte USA"]
[Date "2017.04.02"]
[Round "8.5"]
[White "Stremavicius, Titas"]
[Black "Zhang, Yuanchen"]
[Result "1-0"]
[WhiteElo "2453"]
[BlackElo "2268"]
[PlyCount "109"]
[GameId "2130307634953366"]
[EventDate "2017.03.29"]
[EventType "tourn"]
[EventRounds "9"]
[EventCountry "USA"]
[EventCategory "3"]
[SourceTitle "10 Days #504"]
[Source "Chess Mix"]
[SourceDate "2017.04.20"]
[SourceVersion "1"]
[SourceVersionDate "2017.04.20"]
[SourceQuality "1"]

1. c4 Nf6 2. Nc3 e6 3. Nf3 d5 4. d4 Be7 5. Bg5 O-O 6. e3 Nbd7 7. cxd5 exd5 8. Bd3 c6 9. Qc2 Re8 10. O-O Nf8 11. h3 Ne4 12. Bf4 Nxc3 13. Qxc3 Ng6 14. Bh2 a5 15. a3 a4 16. Ne5 Bd6 17. f4 Nf8 18. Rfe1 Nd7 19. g4 Nf6 20. Qc2 Ne4 21. Bxe4 dxe4 22. f5 Qh4 23. Kg2 h5 24. Bg3 Qe7 25. Qc4 Ra5 26. Re2 Rd5 27. Rf1 hxg4 28. hxg4 b5 29. Qxc6 Bb7 30. Qc1 Bxe5 31. dxe5 Qg5 32. Qc7 Qxg4 33. Rc2 Red8 34. e6 fxe6 35. fxe6 Rd2+ 36. Rf2 Qf3+ 37. Kh3 Qh5+ 38. Bh4 Bc8 39. Rcxd2 Bxe6+ 40. Kg2 Rxd2 41. Rxd2 Qxh4 42. Qd8+ Qxd8 43. Rxd8+ Kf7 44. Rb8 Bd7 45. Rb6 g5 46. Kg3 Ke7 47. Rg6 Be8 48. Rxg5 Kd6 49. Kf4 Bc6 50. Re5 Bd5 51. Rxe4 Bxe4 52. Kxe4 Kc5 53. Kd3 b4 54. e4 bxa3 55. bxa3 1-0

[Event "Washington int."]
[Site "Rockville USA"]
[Date "2016.08.13"]
[Round "1"]
[White "Perelshteyn, Eugene"]
[Black "Zhang, Yuanchen"]
[Result "1/2-1/2"]
[WhiteElo "2514"]
[BlackElo "2307"]
[PlyCount "89"]
[GameId "2130307641776568"]
[EventDate "2016.08.13"]
[EventType "swiss"]
[EventRounds "9"]
[EventCountry "USA"]
[SourceTitle "Mega2016 Update 47"]
[Source "Chessbase"]
[SourceDate "2016.08.26"]
[SourceVersion "1"]
[SourceVersionDate "2016.08.26"]
[SourceQuality "1"]

1. c4 Nf6 2. g3 e6 3. Bg2 d5 4. Nf3 c5 5. O-O Nc6 6. d4 Be7 7. cxd5 exd5 8. Nc3 O-O 9. dxc5 Bxc5 10. a3 Ne4 11. Qxd5 Nxc3 12. Qxc5 Nxe2+ 13. Kh1 Nxc1 14. Raxc1 Rb8 15. b4 Bg4 16. b5 Bxf3 17. Bxf3 Na5 18. Qxa7 Qd3 19. Qxa5 Qxf3+ 20. Kg1 Ra8 21. Qc3 Rxa3 22. Qxf3 Rxf3 23. Rc7 b6 24. Rb7 Rd8 25. Kg2 Rf6 26. Rd1 Re8 27. Rd3 g6 28. Rf3 Ree6 29. Rxf6 Rxf6 30. f4 Kg7 31. h4 h5 32. Kf2 Re6 33. Kf3 Kf6 34. Rd7 Re7 35. Rd6+ Re6 36. Rd7 Re7 37. Rd6+ Re6 38. Rd5 Re1 39. Kf2 Re4 40. Kf3 Re1 41. Kf2 Re4 42. Rd7 Re7 43. Rd8 Re4 44. Kf3 Rb4 45. Rd6+ 1/2-1/2

[Event "USA Chess Masters"]
[Site "Greensboro USA"]
[Date "2015.08.27"]
[Round "1"]
[White "Zherebukh, Yaroslav"]
[Black "Zhang, Yuanchen"]
[Result "1-0"]
[WhiteElo "2637"]
[BlackElo "2314"]
[PlyCount "89"]
[GameId "2130307654982908"]
[EventDate "2015.08.27"]
[EventType "swiss"]
[EventRounds "9"]
[EventCountry "USA"]
[SourceTitle "Mega2015 Update 42"]
[Source "Chessbase"]
[SourceDate "2015.09.11"]
[SourceVersion "1"]
[SourceVersionDate "2015.09.11"]
[SourceQuality "1"]

1. d4 Nf6 2. c4 e6 3. Nc3 Bb4 4. Bg5 h6 5. Bh4 b6 6. f3 Bxc3+ 7. bxc3 d5 8. e3 Ba6 9. Bd3 dxc4 10. Bb1 Nbd7 11. Ne2 c5 12. Be4 Rb8 13. Bxf6 gxf6 14. Qa4 Qc8 15. Bc6 b5 16. Bxd7+ Kxd7 17. Qa5 Rb6 18. a4 cxd4 19. Nxd4 bxa4 20. O-O Qb7 21. Rxa4 Rb8 22. Raa1 Bb5 23. Qa2 a6 24. Qf2 Qd5 25. Kh1 Ke8 26. e4 Qh5 27. f4 Bd7 28. Qg3 a5 29. f5 e5 30. Nf3 Bc6 31. Rae1 Rb2 32. Qg7 Ke7 33. h4 Bxe4 34. Rxe4 Qxf5 35. Ree1 Qg6 36. Qxg6 fxg6 37. Ra1 Rc2 38. Rxa5 Rxc3 39. Nd2 Rd3 40. Nxc4 Rd4 41. Ra7+ Ke8 42. Na5 Rxh4+ 43. Kg1 Rd8 44. Nc6 Rd6 45. Rb1 1-0

[Event "USA Chess Masters"]
[Site "Greensboro USA"]
[Date "2015.08.31"]
[Round "9"]
[White "Shmeliov, Denis"]
[Black "Zhang, Yuanchen"]
[Result "1-0"]
[WhiteElo "2398"]
[BlackElo "2314"]
[PlyCount "49"]
[GameId "2130307654987044"]
[EventDate "2015.08.27"]
[EventType "swiss"]
[EventRounds "9"]
[EventCountry "USA"]
[SourceTitle "Mega2015 Update 42"]
[Source "Chessbase"]
[SourceDate "2015.09.11"]
[SourceVersion "1"]
[SourceVersionDate "2015.09.11"]
[SourceQuality "1"]

1. d4 Nf6 2. c4 e6 3. Nc3 Bb4 4. Qc2 O-O 5. e4 d5 6. e5 Ne4 7. Bd3 c5 8. Nf3 Nc6 9. O-O Nxd4 10. Nxd4 cxd4 11. Nxe4 dxe4 12. Bxe4 g6 13. a3 Be7 14. Bh6 Re8 15. Rad1 Qc7 16. Rfe1 Rd8 17. Bd3 b6 18. Qe2 Ba6 19. Qg4 Rab8 20. h4 b5 21. h5 Bf8 22. Bg5 bxc4 23. hxg6 hxg6 24. Bxg6 Bg7 25. Be4 1-0

[Event "DC int."]
[Site "Arlington USA"]
[Date "2015.06.28"]
[Round "7"]
[White "Zhang, Yuanchen"]
[Black "Li, Ruifeng"]
[Result "1/2-1/2"]
[WhiteElo "2286"]
[BlackElo "2394"]
[PlyCount "36"]
[GameId "2130307657901994"]
[EventDate "2015.06.25"]
[EventType "swiss"]
[EventRounds "9"]
[EventCountry "USA"]
[SourceTitle "The Week in Chess 1077"]
[Source "Mark Crowther"]
[SourceDate "2015.06.29"]
[SourceVersion "1"]
[SourceVersionDate "2015.06.29"]
[SourceQuality "2"]

1. d4 Nf6 2. c4 e6 3. Nc3 Bb4 4. e3 O-O 5. Nge2 Re8 6. a3 Bf8 7. d5 exd5 8. cxd5 c5 9. Ng3 d6 10. Be2 Nbd7 11. e4 g6 12. O-O a6 13. a4 b6 14. f3 Bg7 15. Be3 Bb7 16. Qd2 Rc8 17. Rad1 Qc7 18. f4 c4 1/2-1/2

[Event "DC int."]
[Site "Arlington USA"]
[Date "2015.06.30"]
[Round "9"]
[White "Ippolito, Dean"]
[Black "Zhang, Yuanchen"]
[Result "1/2-1/2"]
[WhiteElo "2395"]
[BlackElo "2286"]
[PlyCount "138"]
[GameId "2130307657902009"]
[EventDate "2015.06.25"]
[EventType "swiss"]
[EventRounds "9"]
[EventCountry "USA"]
[SourceTitle "Mega2015 Update 33"]
[Source "Chessbase"]
[SourceDate "2015.07.10"]
[SourceVersion "1"]
[SourceVersionDate "2015.07.10"]
[SourceQuality "1"]

1. Nf3 Nf6 2. c4 b6 3. g3 e6 4. Bg2 Bb7 5. O-O c5 6. Nc3 Be7 7. Re1 d6 8. e4 O-O 9. d4 cxd4 10. Nxd4 Qc8 11. b3 a6 12. Be3 Nbd7 13. Rc1 Qc7 14. f3 Rac8 15. Qd2 Rfd8 16. Qf2 Ne5 17. Red1 Nfd7 18. Bf1 Bf6 19. Be2 Qb8 20. Na4 Bc6 21. Nxc6 Rxc6 22. Nc3 Qc7 23. f4 Ng6 24. Nd5 Qb8 25. Nb4 Rcc8 26. Nxa6 Qa8 27. Nb4 Nc5 28. Bf3 Qa3 29. Nd3 Bd4 30. Rc2 Bxe3 31. Qxe3 e5 32. f5 Ne7 33. f6 gxf6 34. Qh6 Ng6 35. Nf2 Qa7 36. h4 Qe7 37. Ng4 Nd7 38. Rcd2 Rc6 39. h5 Ngf8 40. Ne3 Ne6 41. Nf5 Qf8 42. Rxd6 Rxd6 43. Rxd6 Qxh6 44. Nxh6+ Kf8 45. Bg4 Ndc5 46. Rxd8+ Nxd8 47. Bf5 Kg7 48. Ng4 h6 49. Ne3 Nd3 50. a3 Nc6 51. Nd5 Na5 52. Nxb6 Nxb3 53. Nd7 Ndc5 54. Nxc5 Nxc5 55. Kf1 Kf8 56. Ke2 Ke7 57. Kd2 Kd6 58. Kc3 Na6 59. a4 Kc5 60. Bg6 Kb6 61. Bxf7 Nc5 62. Bd5 Nxa4+ 63. Kd3 Kc5 64. Ke3 Nb6 65. Kd3 Nc8 66. Kc3 Nd6 67. Kb3 Nc8 68. Kc3 Nd6 69. Kb3 Nc8 1/2-1/2

[Event "Washington int."]
[Site "Rockville USA"]
[Date "2014.08.09"]
[Round "2"]
[White "Shetty, Atulya"]
[Black "Zhang, Yuanchen"]
[Result "1-0"]
[WhiteElo "2346"]
[BlackElo "2130"]
[PlyCount "61"]
[GameId "2130307667617988"]
[EventDate "2014.08.09"]
[EventType "swiss"]
[EventRounds "9"]
[EventCountry "USA"]
[SourceTitle "10 Days #408"]
[Source "Chess Mix"]
[SourceDate "2014.08.01"]

1. c4 e5 2. g3 c6 3. d4 e4 4. Bg2 d5 5. Nc3 Nf6 6. cxd5 cxd5 7. Bg5 Nbd7 8. Nh3 h6 9. Bf4 Nb6 10. O-O Bd6 11. Be5 Qe7 12. Bxf6 Qxf6 13. f3 exf3 14. Rxf3 Qe7 15. Qb3 Be6 16. Nf4 Bxf4 17. gxf4 g6 18. Re3 Rd8 19. Qb5+ Qd7 20. Qc5 Rc8 21. Nxd5 Nxd5 22. Qxd5 Qxd5 23. Bxd5 Kd7 24. Bxb7 Rb8 25. Bf3 Rxb2 26. Ra3 Bc4 27. Rxa7+ Kd6 28. e4 Rhb8 29. Rc1 Rxa2 30. e5+ Ke6 31. d5+ 1-0

[Event "Foxwoods op"]
[Site "Ledyard USA"]
[Date "2014.01.22"]
[Round "1.16"]
[White "Chandra, Akshat"]
[Black "Zhang, Yuanchen"]
[Result "1-0"]
[WhiteElo "2341"]
[BlackElo "2134"]
[PlyCount "63"]
[GameId "2130307675220191"]
[EventDate "2014.01.22"]
[EventType "swiss"]
[EventRounds "9"]
[EventCountry "USA"]
[SourceTitle "The Week in Chess 1003"]
[Source "Mark Crowther"]
[SourceDate "2014.01.27"]
[SourceVersion "1"]
[SourceVersionDate "2014.01.27"]
[SourceQuality "2"]

1. e4 e5 2. Nf3 Nc6 3. Bb5 a6 4. Ba4 Nf6 5. O-O Nxe4 6. d4 b5 7. Bb3 d5 8. dxe5 Be6 9. Nbd2 Nc5 10. c3 Be7 11. Bc2 d4 12. Ne4 Qd5 13. Nxc5 Bxc5 14. Ng5 O-O-O 15. Bb3 Qd7 16. Nxe6 fxe6 17. Qg4 Rde8 18. Rd1 d3 19. Qe4 Ref8 20. Rxd3 Bxf2+ 21. Kh1 Qe8 22. Bf4 Rf5 23. Rad1 Rhf8 24. g3 Kb7 25. Rd7 Bc5 26. Rxg7 R8f7 27. Rxf7 Qxf7 28. Bc2 Qh5 29. Qg2 Rf7 30. b4 Bf8 31. Rf1 Kb6 32. g4 1-0

[Event "Foxwoods op"]
[Site "Ledyard USA"]
[Date "2014.01.23"]
[Round "2.19"]
[White "Zhang, Yuanchen"]
[Black "Gu, Christopher"]
[Result "1/2-1/2"]
[WhiteElo "2134"]
[BlackElo "2290"]
[PlyCount "88"]
[GameId "2130307675220203"]
[EventDate "2014.01.22"]
[EventType "swiss"]
[EventRounds "9"]
[EventCountry "USA"]
[SourceTitle "The Week in Chess 1003"]
[Source "Mark Crowther"]
[SourceDate "2014.01.27"]
[SourceVersion "1"]
[SourceVersionDate "2014.01.27"]
[SourceQuality "2"]

1. d4 d5 2. c4 c6 3. Nc3 Nf6 4. Nf3 a6 5. cxd5 cxd5 6. Bf4 Nc6 7. e3 Bg4 8. Bd3 e6 9. Rc1 Bd6 10. Bxd6 Qxd6 11. h3 Bxf3 12. Qxf3 O-O 13. O-O Rfc8 14. Qe2 Nd7 15. a3 b5 16. a4 b4 17. Nb1 a5 18. Nd2 Nb6 19. Bb5 Na7 20. Rxc8+ Nbxc8 21. Nb3 Qb6 22. Ba6 Nd6 23. Nc5 Nc6 24. Rc1 g6 25. b3 Ra7 26. Bd3 Rc7 27. f4 Ne7 28. Rc2 Nb7 29. Na6 Rxc2 30. Qxc2 Nf5 31. Kf2 Nbd6 32. g4 Ng7 33. Qc5 Qd8 34. Kg3 Nge8 35. Qc6 h5 36. Nc5 hxg4 37. hxg4 Qc7 38. Qxc7 Nxc7 39. f5 g5 40. fxe6 Nxe6 41. Nd7 Kg7 42. Ne5 Nd8 43. Nd7 Ne6 44. Ne5 Nd8 1/2-1/2

[Event "Foxwoods op"]
[Site "Ledyard USA"]
[Date "2014.01.23"]
[Round "3.14"]
[White "Rizzitano, James"]
[Black "Zhang, Yuanchen"]
[Result "1-0"]
[WhiteElo "2318"]
[BlackElo "2134"]
[PlyCount "43"]
[GameId "2130307675220214"]
[EventDate "2014.01.22"]
[EventType "swiss"]
[EventRounds "9"]
[EventCountry "USA"]
[SourceTitle "The Week in Chess 1003"]
[Source "Mark Crowther"]
[SourceDate "2014.01.27"]
[SourceVersion "1"]
[SourceVersionDate "2014.01.27"]
[SourceQuality "2"]

1. d4 Nf6 2. Nf3 e6 3. Bg5 c5 4. e3 Qb6 5. Qc1 Nc6 6. c3 d5 7. Nbd2 Bd6 8. Bd3 Bd7 9. O-O e5 10. dxe5 Nxe5 11. Nxe5 Bxe5 12. Nf3 Bd6 13. Bxf6 gxf6 14. Qc2 Qc7 15. Bf5 O-O-O 16. Rfd1 Kb8 17. a3 Bc6 18. e4 Be5 19. exd5 Bxd5 20. Be4 Qc6 21. Rxd5 Rxd5 22. c4 1-0

[Event "Foxwoods op"]
[Site "Ledyard USA"]
[Date "2014.01.24"]
[Round "4.14"]
[White "Zhang, Yuanchen"]
[Black "Lastra, Ricardo"]
[Result "1-0"]
[WhiteElo "2134"]
[BlackElo "2176"]
[PlyCount "111"]
[GameId "2130307675220227"]
[EventDate "2014.01.22"]
[EventType "swiss"]
[EventRounds "9"]
[EventCountry "USA"]
[SourceTitle "The Week in Chess 1003"]
[Source "Mark Crowther"]
[SourceDate "2014.01.27"]
[SourceVersion "1"]
[SourceVersionDate "2014.01.27"]
[SourceQuality "2"]

1. d4 Nf6 2. c4 g6 3. Nc3 Bg7 4. e4 d6 5. Nf3 O-O 6. Be2 e5 7. O-O Na6 8. Be3 Bg4 9. d5 h6 10. a3 Nh7 11. Ne1 Bxe2 12. Qxe2 f5 13. f3 Nc5 14. b4 Nd7 15. c5 Nhf6 16. Nd3 a6 17. Nb2 Qe7 18. c6 bxc6 19. dxc6 Nb8 20. a4 Qe6 21. b5 d5 22. exd5 Nxd5 23. Nxd5 Qxd5 24. Rad1 Qa2 25. Qc4+ Qxc4 26. Nxc4 axb5 27. axb5 Ra4 28. Bc5 Rxc4 29. Bxf8 Bxf8 30. Rd8 Nxc6 31. bxc6 Rxc6 32. Re8 Rc2 33. Rxe5 Bg7 34. Rd5 c5 35. h4 Bd4+ 36. Kh2 h5 37. Rb1 Bb2 38. Re1 Bf6 39. Re6 Kf7 40. Rc6 Bxh4 41. Rcxc5 Rxc5 42. Rxc5 f4 43. Kg1 Bf6 44. Kf1 Bd4 45. Rd5 Be3 46. Ke2 Kf6 47. Kd3 g5 48. Ke4 g4 49. Rxh5 gxf3 50. Kxf3 Kg6 51. Rd5 Bc1 52. Rd1 Be3 53. g3 Kf5 54. Rb1 Bd4 55. Rb5+ Kf6 56. gxf4 1-0

[Event "Wch U10"]
[Site "Caldas Novas BRA"]
[Date "2011.11.22"]
[Round "5.1"]
[White "Berardo, Tomas"]
[Black "Zhang, Yuanchen"]
[Result "0-1"]
[WhiteElo "1657"]
[BlackElo "1794"]
[PlyCount "76"]
[GameId "2130307702643414"]
[EventDate "2011.11.18"]
[EventType "swiss"]
[EventRounds "9"]
[EventCountry "BRA"]

1. e4 c5 2. Nf3 e6 3. d4 cxd4 4. Nxd4 Nf6 5. Nc3 Nc6 6. g3 Bb4 7. Bg2 Qa5 8. Nde2 O-O 9. O-O Rd8 10. Be3 Ng4 11. Bd2 Qa6 12. a3 Bxc3 13. Nxc3 Nge5 14. b3 Ne7 15. Be3 d5 16. exd5 Nxd5 17. Nxd5 exd5 18. Bd4 Nc6 19. Bb2 Bf5 20. Re1 Rac8 21. Qd2 d4 22. Bf1 Qb6 23. Bd3 Bxd3 24. Qxd3 Qc5 25. b4 Qd5 26. Rad1 Ne5 27. c4 Nxd3 28. cxd5 Nxb2 29. Rxd4 Nc4 30. d6 Nxd6 31. Red1 Rc6 32. b5 Rb6 33. a4 Kf8 34. a5 Rxb5 35. Rxd6 Rxd6 36. Rxd6 Ke7 37. Rd3 Rxa5 38. Re3+ Kd7 0-1

[Event "Arlington DC op 3rd"]
[Site "Arlington"]
[Date "2015.06.26"]
[Round "2"]
[White "Bodek, Michael H"]
[Black "Zhang, Yuanchen"]
[Result "1/2-1/2"]
[WhiteElo "2425"]
[BlackElo "2286"]
[PlyCount "73"]
[GameId "1166659481264128"]
[EventDate "2015.06.25"]
[EventType "swiss"]
[EventRounds "9"]
[EventCountry "USA"]
[SourceTitle "CBM 167 Extra"]
[Source "ChessBase"]
[SourceDate "2015.09.14"]
[SourceVersion "1"]
[SourceVersionDate "2015.09.14"]
[SourceQuality "1"]

1. e4 e5 2. Nf3 Nc6 3. Bc4 Nf6 4. Ng5 d5 5. exd5 Na5 6. Bb5+ c6 7. dxc6 bxc6 8. Bd3 Nd5 9. h4 Nf4 10. Bf1 h6 11. Nf3 e4 12. d3 Nxd3+ 13. Bxd3 exd3 14. Qxd3 Qxd3 15. cxd3 Bb4+ 16. Bd2 Rb8 17. O-O Bxd2 18. Nbxd2 Rxb2 19. Rfb1 Rxb1+ 20. Rxb1 Ke7 21. Rb4 Rd8 22. Ra4 Rd5 23. Nc4 Nxc4 24. Rxa7+ Rd7 25. Rxd7+ Kxd7 26. dxc4 Kd6 27. Nd2 Ba6 28. Kf1 Kc5 29. Ke1 Kb4 30. Ke2 Kc3 31. Ke3 Bxc4 32. Nxc4 Kxc4 33. Kd2 c5 34. Kc2 h5 35. Kd2 Kd4 36. Kc2 Kc4 37. Kd2 1/2-1/2

[Event "Arlington DC op 3rd"]
[Site "Arlington"]
[Date "2015.06.26"]
[Round "3"]
[White "Zhang, Yuanchen"]
[Black "El Debs, Felipe de Cresce"]
[Result "0-1"]
[WhiteElo "2286"]
[BlackElo "2515"]
[PlyCount "42"]
[GameId "1166659481407488"]
[EventDate "2015.06.25"]
[EventType "swiss"]
[EventRounds "9"]
[EventCountry "USA"]
[SourceTitle "CBM 167 Extra"]
[Source "ChessBase"]
[SourceDate "2015.09.14"]
[SourceVersion "1"]
[SourceVersionDate "2015.09.14"]
[SourceQuality "1"]

1. d4 d5 2. c4 c6 3. Nf3 Nf6 4. Nc3 dxc4 5. a4 e6 6. e4 Bb4 7. e5 Nd5 8. Bd2 b5 9. Ng5 Be7 10. Qh5 g6 11. Qh6 b4 12. Nxd5 Qxd5 13. Qg7 Rf8 14. Nxh7 Nd7 15. Be2 Qxg2 16. Rf1 Qe4 17. Be3 b3 18. Rc1 Bb4+ 19. Kd1 Ba6 20. Rg1 O-O-O 21. Nxf8 Nxf8 0-1

[Event "Arlington DC op 3rd"]
[Site "Arlington"]
[Date "2015.06.29"]
[Round "8"]
[White "Zhang, Yuanchen"]
[Black "Mulyar, Michael A"]
[Result "1/2-1/2"]
[WhiteElo "2286"]
[BlackElo "2392"]
[PlyCount "63"]
[GameId "1166659481833472"]
[EventDate "2015.06.25"]
[EventType "swiss"]
[EventRounds "9"]
[EventCountry "USA"]
[SourceTitle "CBM 167 Extra"]
[Source "ChessBase"]
[SourceDate "2015.09.14"]
[SourceVersion "1"]
[SourceVersionDate "2015.09.14"]
[SourceQuality "1"]

1. d4 d5 2. c4 c6 3. Nf3 Nf6 4. Nc3 e6 5. Bg5 dxc4 6. e4 b5 7. e5 h6 8. Bh4 g5 9. Nxg5 hxg5 10. Bxg5 Nbd7 11. g3 Bb7 12. Bg2 Qb6 13. exf6 O-O-O 14. O-O c5 15. d5 b4 16. Na4 Qb5 17. a3 Nb8 18. axb4 cxb4 19. Qg4 Bxd5 20. Rfc1 Nc6 21. Bxd5 Rxd5 22. Rxc4 Rxg5 23. Qd4 Kb8 24. Rxc6 Rxg3+ 25. fxg3 Qxc6 26. Rd1 Qc7 27. b3 Kc8 28. Qe4 Kb8 29. Qd4 Kc8 30. Qe4 Kb8 31. Qd4 Kc8 32. Qe4 1/2-1/2

[Event "Washington op 4th"]
[Site "Rockville"]
[Date "2015.08.08"]
[Round "1"]
[White "Zhang, Yuanchen"]
[Black "Azarov, Sergei Nikolaevich"]
[Result "0-1"]
[WhiteElo "2314"]
[BlackElo "2602"]
[PlyCount "126"]
[GameId "1166659686158336"]
[EventDate "2015.08.08"]
[EventType "swiss"]
[EventRounds "9"]
[EventCountry "USA"]
[SourceTitle "CBM 167 Extra"]
[Source "ChessBase"]
[SourceDate "2015.09.14"]
[SourceVersion "1"]
[SourceVersionDate "2015.09.14"]
[SourceQuality "1"]

1. e4 c5 2. Nf3 Nc6 3. d4 cxd4 4. Nxd4 Qb6 5. Nb3 Nf6 6. Nc3 e6 7. Be3 Qc7 8. a3 a6 9. Be2 b5 10. O-O Be7 11. f4 d6 12. Bf3 Bb7 13. Qd2 O-O 14. Rad1 Rac8 15. g4 Rfe8 16. g5 Nd7 17. e5 d5 18. Qf2 b4 19. axb4 Bxb4 20. Ne2 a5 21. c3 Bf8 22. Ned4 Ba6 23. Be2 Bxe2 24. Qxe2 a4 25. Nd2 Rb8 26. Rb1 Na5 27. Rfc1 Nb6 28. Ra1 Nbc4 29. Rxa4 Rxb2 30. Rc2 Rxc2 31. Nxc2 Rb8 32. Nxc4 Nxc4 33. Ra7 Rb1+ 34. Kf2 Qb8 35. Bd4 Rb2 36. Kg3 g6 37. Qd3 h5 38. h4 Kg7 39. Ra1 Qb3 40. Rc1 Ra2 41. Qd1 Qb2 42. Qg1 Nd2 43. Ne3 Ne4+ 44. Kh3 Qe2 45. Qg2 Nf2+ 46. Kg3 Rd2 47. Rf1 Ne4+ 48. Kh3 Qxg2+ 49. Nxg2 Rd3+ 50. Kh2 Nxc3 51. Bxc3 Rxc3 52. Ne1 Bc5 53. Rf3 d4 54. Rxc3 dxc3 55. Kg3 Be3 56. Kf3 Bd2 57. Nc2 Kf8 58. Ke4 Ke7 59. Nd4 Kd7 60. Nc2 Kc6 61. Nb4+ Kc5 62. Nc2 Kc4 63. Kf3 Kb3 0-1

[Event "Philadelphia op 10th"]
[Site "Philadelphia"]
[Date "2016.03.24"]
[Round "3"]
[White "Ostrovskiy, Aleksandr A"]
[Black "Zhang, Yuanchen"]
[Result "1-0"]
[WhiteElo "2387"]
[BlackElo "2242"]
[PlyCount "99"]
[GameId "1166660350857216"]
[EventDate "2016.03.23"]
[EventType "swiss"]
[EventRounds "9"]
[EventCountry "USA"]
[SourceTitle "CBM 171 Extra"]
[Source "ChessBase"]
[SourceDate "2016.04.26"]
[SourceVersion "1"]
[SourceVersionDate "2016.04.26"]
[SourceQuality "1"]

1. e4 e5 2. Nf3 Nc6 3. Bb5 a6 4. Ba4 Nf6 5. O-O Be7 6. d3 b5 7. Bb3 O-O 8. Nc3 d6 9. a3 Be6 10. Nd5 Na5 11. Nxf6+ Bxf6 12. Bxe6 fxe6 13. b4 Nc6 14. c3 a5 15. Bd2 Qd7 16. Qe2 Rfb8 17. h4 Qe8 18. g4 h5 19. Ng5 Bxg5 20. Bxg5 hxg4 21. Qxg4 Kh7 22. Kh1 Qf7 23. Kg2 Rf8 24. Be3 Qg6 25. f3 Qxg4+ 26. fxg4 Rxf1 27. Rxf1 axb4 28. axb4 Ra3 29. Bd2 Ra2 30. Rf2 d5 31. h5 Rc2 32. g5 g6 33. h6 d4 34. cxd4 Nxd4 35. Kf1 Kg8 36. Ke1 Ra2 37. Rf6 Ra1+ 38. Kf2 Ra2 39. Ke1 Ra1+ 40. Kf2 Ra2 41. Rxg6+ Kh8 42. Ke3 Nc2+ 43. Ke2 Nd4+ 44. Kd1 Ra1+ 45. Bc1 c5 46. Rf6 c4 47. g6 Kg8 48. dxc4 bxc4 49. h7+ Kg7 50. Rf8 1-0

[Event "Washington op 8th"]
[Site "Rockville"]
[Date "2019.07.28"]
[Round "3"]
[White "Li, George"]
[Black "Zhang, Yuanchen"]
[Result "1-0"]
[WhiteElo "2395"]
[BlackElo "2261"]
[PlyCount "86"]
[GameId "1410696379822080"]
[EventDate "2019.07.27"]
[EventType "swiss"]
[EventRounds "9"]
[EventCountry "USA"]
[SourceTitle "CBM 191 Extra"]
[Source "ChessBase"]
[SourceDate "2019.09.30"]
[SourceVersion "1"]
[SourceVersionDate "2019.09.30"]
[SourceQuality "1"]

1. d4 Nf6 2. c4 e6 3. Nf3 Bb4+ 4. Nbd2 b6 5. a3 Bxd2+ 6. Qxd2 Bb7 7. e3 O-O 8. Be2 Ne4 9. Qc2 f5 10. O-O Rf6 11. b4 d6 12. Bb2 Rh6 13. d5 Ng5 14. Nd2 exd5 15. Qxf5 dxc4 16. Bxc4+ d5 17. Bb3 Nf7 18. e4 Nd7 19. e5 Nf8 20. f4 c5 21. Rae1 Bc8 22. Qb1 c4 23. Bc2 d4 24. Be4 c3 25. Nf3 Ba6 26. Bxa8 Qxa8 27. Bc1 Bxf1 28. Kxf1 Rh3 29. Qd3 Rh5 30. e6 Nd6 31. e7 Ng6 32. Qxd4 Ne8 33. Qd8 Qc6 34. Nd4 Qc4+ 35. Kg1 Kf7 36. f5 Nh4 37. Qd7 Qa2 38. Re2 Qc4 39. Re1 Qa2 40. Re2 Qc4 41. Kf1 c2 42. g4 Rh6 43. Ke1 Rg6 1-0

[Event "World op 51st"]
[Site "Philadelphia"]
[Date "2023.07.04"]
[Round "8"]
[White "Hernandez Perez, Pedro"]
[Black "Zhang, Yuanchen"]
[Result "1/2-1/2"]
[WhiteElo "2140"]
[BlackElo "2293"]
[PlyCount "72"]
[GameId "1933263867232256"]
[EventDate "2023.06.30"]
[EventType "swiss"]
[EventRounds "9"]
[EventCountry "USA"]
[SourceTitle "CBM 215 Extra"]
[Source "ChessBase"]
[SourceDate "2023.09.30"]
[SourceVersion "1"]
[SourceVersionDate "2023.09.30"]
[SourceQuality "1"]

1. Nf3 d5 2. d4 Nf6 3. g3 g6 4. Bg2 Bg7 5. O-O O-O 6. Nbd2 a5 7. c4 c6 8. b3 Nbd7 9. Bb2 b6 10. Qc2 Bb7 11. e4 dxe4 12. Nxe4 Nxe4 13. Qxe4 e6 14. Rfd1 Qc7 15. Rd2 c5 16. Qe2 cxd4 17. Nxd4 Bxg2 18. Kxg2 Nc5 19. Rad1 Qb7+ 20. Qf3 Qxf3+ 21. Nxf3 Bxb2 22. Rxb2 Rfd8 23. Rbd2 Rxd2 24. Rxd2 Kf8 25. Rd6 Rb8 26. Rc6 Ke8 27. Rc7 Rb7 28. Rc8+ Ke7 29. Rh8 h5 30. Ne5 Kf6 31. f4 Nd7 32. Nd3 a4 33. Rc8 axb3 34. axb3 Nc5 35. Nxc5 bxc5 36. Rxc5 Rxb3 1/2-1/2

[Event "Ivy League Challenge"]
[Site "Toronto CAN"]
[Date "2023.03.24"]
[Round "1"]
[White "Zhang, Yuanchen"]
[Black "Shen, Christopher"]
[Result "1-0"]
[WhiteElo "2304"]
[BlackElo "2332"]
[PlyCount "73"]
[GameId "2160767907254145"]
[EventDate "2023.03.24"]
[EventRounds "5"]
[EventCountry "CAN"]
[SourceTitle "CBM 213 Extra"]
[Source "ChessBase"]
[SourceDate "2023.05.31"]
[SourceVersion "1"]
[SourceVersionDate "2023.05.31"]
[SourceQuality "1"]
[WhiteTeam "Waterloo Univ"]
[BlackTeam "Harvard Univ"]
[WhiteTeamCountry "CAN"]
[BlackTeamCountry "USA"]

1. d4 Nf6 2. c4 g6 3. Nc3 Bg7 4. e4 d6 5. h3 O-O 6. Be3 c5 7. Nf3 cxd4 8. Nxd4 Nc6 9. Be2 Nxd4 10. Bxd4 a6 11. O-O Be6 12. Rc1 Rc8 13. b3 Qa5 14. Qd3 Nd7 15. f4 Bxd4+ 16. Qxd4 f6 17. Kh2 Rc7 18. Bg4 f5 19. exf5 gxf5 20. Bf3 Qc5 21. Qd2 Nf6 22. Rfe1 Bf7 23. Na4 Qa7 24. Qa5 Rfc8 25. Qxf5 b5 26. Rxe7 Rxe7 27. Qxc8+ Kg7 28. cxb5 axb5 29. Nc3 Rc7 30. Qf5 Qe3 31. Qg5+ Kf8 32. Qxf6 Qxc1 33. Qd8+ Kg7 34. Qxc7 Qxf4+ 35. Kg1 Qc1+ 36. Kf2 Qd2+ 37. Ne2 1-0

[Event "Ivy League Challenge"]
[Site "Toronto CAN"]
[Date "2023.03.24"]
[Round "2"]
[White "Zhang, Yuanchen"]
[Black "Tang, Andrew"]
[Result "0-1"]
[WhiteElo "2304"]
[BlackElo "2522"]
[PlyCount "52"]
[GameId "2160767907254156"]
[EventDate "2023.03.24"]
[EventRounds "5"]
[EventCountry "CAN"]
[SourceTitle "10 Days #718"]
[Source "ChessMix"]
[SourceDate "2023.04.01"]
[SourceVersion "1"]
[SourceVersionDate "2023.04.01"]
[SourceQuality "1"]
[WhiteTeam "University of Waterloo"]
[BlackTeam "Princeton University"]

1. d4 d5 2. c4 e6 3. Nc3 Nf6 4. cxd5 exd5 5. Bg5 Bb4 6. Qa4+ Nc6 7. e3 h6 8. Bxf6 Qxf6 9. Bd3 Qg5 10. Kf1 O-O 11. Nf3 Qh5 12. h3 Be6 13. Ne2 Bd6 14. Nf4 Bxf4 15. exf4 Bf5 16. Bb5 Be4 17. Bxc6 Bxf3 18. Bxb7 Rab8 19. Qc6 Be4 20. Qxc7 Rfe8 21. Kg1 Qe2 22. b3 Qb2 23. Kh2 Qxf2 24. Rhg1 Rxb7 25. Qxb7 Qxf4+ 26. Kh1 Qg3 0-1